Welcome to the Holygrace Academy Library

Please use search bar below to get started

STAY HUNGRY STAY FOOLISH (Record no. 5190)

MARC details
000 -LEADER
fixed length control field 00277nam a22001217a 4500
082 ## - DEWEY DECIMAL CLASSIFICATION NUMBER
Classification number 158
Item number BAN/S
100 ## - MAIN ENTRY--AUTHOR NAME
Personal name BANSAL,RASHMI
245 ## - TITLE STATEMENT
Title STAY HUNGRY STAY FOOLISH
260 ## - PUBLICATION, DISTRIBUTION, ETC. (IMPRINT)
Place of publication NEW DELHI
Name of publisher WESTLAND
300 ## - PHYSICAL DESCRIPTION
Number of Pages 363
650 ## - SUBJECT ADDED ENTRY--TOPICAL TERM
Topical Term PERSONALITY DEVELOPMENT
Geographic subdivision NEW DELHI
942 ## - ADDED ENTRY ELEMENTS (KOHA)
Koha item type Books
Holdings
Withdrawn status Lost status Collection code Home library Current library Shelving location Date acquired Source of acquisition Full call number Accession Number Koha item type
    Reference Main Library Main Library SHELF-17G-PERSONALITY DEVELOPMENT BOOKS 03/11/2013 PURCHASE 158 BAN/S 07570 Books